Calciatori italiani che sono stati capocannonieri nei campionati ester - Statistics

Statistiche generali
  • Questo quiz è stato fatto 245 volte
  • Il punteggio medio è 2 su 6
Statistiche sulle risposte
ANNO CAMPIONATO GOL CALCIATORE % Corretto
2007-2008 Bundesliga 24 Toni
96%
1997-1998 Laliga 24 Vieri
67%
2012-2013 Eredivisie 27 Pellè
52%
2017-2018 Ungheria 18 Lanzafame
17%
1997-1998 Scottish premiership 32 Negri
10%
1984-1985 Malta 8 De Ponti
1%
Nessun quiz corrispondente trovato
Distribuzione punteggi
Percentuale di utenti per punteggio
Percentile per numero di risposta
I tuoi punteggi nel tempo
Non hai fatto questo quiz